| 000 | 00000nas##2200000za#4500 |
|---|---|
| 001 | 9.512642 |
| 003 | CaOODSP |
| 005 | 20210507160751 |
| 007 | ta |
| 008 | 150406c2000||||xxc|| p #||||f| |0fre|d |
| 040 | |aCaOODSP|bfre |
| 043 | |an-cn--- |
| 086 | 1 |aCW71-3F |
| 110 | 2 |aService canadien de la faune. |
| 245 | 10|aChants de l'Ontario |
| 260 | |aOttawa - Ontario : |bEnvironnement Canada. |
| 310 | |aAnnuel |
| 563 | |aCouverture souple |
| 775 | 08|tThe Ontario chorus |w(CaOODSP)9.514214 |
| 776 | 0#|tChants de l'Ontario |w(CaOODSP)9.503434 |